[Event "Winnipeg February Sect-A"]
[Site "Winnipeg CAN"]
[Date "2007.02.10"]
[Round "3"]
[White "Vlaovic, George"]
[Black "Vincent, Trevor"]
[Result "0-1"]
[WhiteElo "2271"]
[BlackElo "2178"]
[PlyCount "80"]
[GameId "2160767910718425"]
[EventDate "2007.02.09"]
[EventType "tourn"]
[EventRounds "5"]
[EventCountry "CAN"]
[SourceTitle "EXT 2008"]
[Source "ChessBase"]
[SourceDate "2007.11.25"]
[SourceVersion "1"]
[SourceVersionDate "2007.11.25"]
[SourceQuality "1"]

1. e4 c5 2. Nf3 Nc6 3. d4 cxd4 4. Nxd4 g6 5. Nc3 Bg7 6. Be3 Nf6 7. Bc4 O-O 8. Bb3 a5 9. a3 Ng4 10. Qxg4 Nxd4 11. Qd1 Nxb3 12. cxb3 Ra6 13. O-O Re6 14. Qd3 b6 15. Rfd1 Kh8 16. Bd4 f5 17. Bxg7+ Kxg7 18. f3 fxe4 19. Qd4+ Kg8 20. fxe4 Qc7 21. b4 axb4 22. Qxb4 Bb7 23. Rac1 Qf4 24. Qd4 Rd6 25. Qc4+ e6 26. Qe2 Qe5 27. Qe3 Rf4 28. g3 Rxd1+ 29. Rxd1 Rf7 30. Qxb6 Bxe4 31. Qe3 d5 32. Nxe4 dxe4 33. Rd8+ Kg7 34. Qd4 Kf6 35. Qxe5+ Kxe5 36. Rd1 e3 37. b4 Ke4 38. a4 e2 39. Ra1 Rd7 40. Re1 Ke3 0-1

[Event "Winnipeg February Sect-A"]
[Site "Winnipeg CAN"]
[Date "2007.02.11"]
[Round "4"]
[White "Babb, Jeff"]
[Black "Vlaovic, George"]
[Result "1/2-1/2"]
[WhiteElo "2203"]
[BlackElo "2271"]
[PlyCount "117"]
[GameId "2160767910718426"]
[EventDate "2007.02.09"]
[EventType "tourn"]
[EventRounds "5"]
[EventCountry "CAN"]
[SourceTitle "EXT 2008"]
[Source "ChessBase"]
[SourceDate "2007.11.25"]
[SourceVersion "1"]
[SourceVersionDate "2007.11.25"]
[SourceQuality "1"]

1. Nf3 c5 2. g3 b6 3. Bg2 Bb7 4. O-O e6 5. d3 d6 6. c4 Qc7 7. Nc3 a6 8. b3 Be7 9. Bb2 Bf6 10. Qd2 Nd7 11. e4 h5 12. h4 Ne5 13. Ng5 Ng4 14. a3 Ne7 15. Bh3 Ng6 16. Rae1 Bd4 17. Kg2 Nf8 18. Nf3 Nh7 19. Nh2 f5 20. f3 Nxh2 21. Kxh2 O-O 22. Ne2 Bxb2 23. Qxb2 g5 24. hxg5 Nxg5 25. Ng1 f4 26. gxf4 Rxf4 27. Re2 Kh7 28. Rg2 Qe7 29. Rg3 Raf8 30. Qd2 Qf6 31. Bf5+ Rxf5 32. exf5 Nf7 33. Nh3 Qxf5 34. Ng5+ Nxg5 35. Rxg5 Qf4+ 36. Qxf4 Rxf4 37. Rxh5+ Kg6 38. Rh3 b5 39. Kg3 Rd4 40. Rd1 d5 41. Rh4 Rxh4 42. Kxh4 dxc4 43. dxc4 Bxf3 44. Rd6 Kf6 45. Kg3 Be4 46. Rxa6 bxc4 47. bxc4 Ke5 48. Kf2 Bd3 49. Ke3 Bxc4 50. Rc6 Kd5 51. Rc8 Bb3 52. Kd2 Kc4 53. Re8 Kd4 54. Rd8+ Bd5 55. a4 c4 56. a5 Kc5 57. a6 Kb6 58. Kc3 Kxa6 59. Rb8 1/2-1/2

[Event "Winnipeg February Sect-A"]
[Site "Winnipeg CAN"]
[Date "2007.02.11"]
[Round "4"]
[White "Cleto, Sam"]
[Black "Gentes, Kevin"]
[Result "0-1"]
[WhiteElo "1910"]
[BlackElo "2281"]
[PlyCount "92"]
[GameId "2160767910718427"]
[EventDate "2007.02.09"]
[EventType "tourn"]
[EventRounds "5"]
[EventCountry "CAN"]
[SourceTitle "EXT 2008"]
[Source "ChessBase"]
[SourceDate "2007.11.25"]
[SourceVersion "1"]
[SourceVersionDate "2007.11.25"]
[SourceQuality "1"]

1. Nf3 g6 2. e4 c5 3. d4 Bg7 4. Be3 Nc6 5. Nc3 cxd4 6. Nxd4 d6 7. Bb5 Bd7 8. O-O Nf6 9. h3 O-O 10. Nf3 Qa5 11. Bd3 Nb4 12. Bd2 Nxd3 13. cxd3 Qa6 14. Qe2 h6 15. Rfe1 Rfe8 16. Rac1 e5 17. a3 Be6 18. g4 Nd7 19. Be3 Rac8 20. Qd2 Nc5 21. Bxc5 dxc5 22. Nd1 Red8 23. Rc3 c4 24. Re3 Rc6 25. Ne1 Rcd6 26. Qc2 b5 27. Kg2 Qb7 28. f3 a5 29. Nf2 b4 30. axb4 axb4 31. Rxc4 Bxc4 32. dxc4 Rd2 33. Qc1 Qa7 34. c5 R2d4 35. Ned3 Bf6 36. Qc2 Qa6 37. Qb3 Bg5 38. Nxe5 Qf6 39. Nc4 Rxc4 40. f4 Qxf4 41. Rf3 Qc1 42. c6 Qc2 43. c7 Rxc7 44. Qxb4 Rd2 45. Qb8+ Kg7 46. Qe8 Re7 0-1

[Event "Winnipeg February Sect-A"]
[Site "Winnipeg CAN"]
[Date "2007.02.11"]
[Round "4"]
[White "Vincent, Trevor"]
[Black "Khedkar, Jay S"]
[Result "1-0"]
[WhiteElo "2178"]
[BlackElo "1940"]
[PlyCount "79"]
[GameId "2160767910718428"]
[EventDate "2007.02.09"]
[EventType "tourn"]
[EventRounds "5"]
[EventCountry "CAN"]
[SourceTitle "EXT 2008"]
[Source "ChessBase"]
[SourceDate "2007.11.25"]
[SourceVersion "1"]
[SourceVersionDate "2007.11.25"]
[SourceQuality "1"]

1. c4 d6 2. g3 e5 3. Bg2 Nf6 4. Nc3 Be7 5. e4 O-O 6. Nge2 Nbd7 7. O-O c6 8. d3 Nc5 9. h3 Ne6 10. Rb1 Nh5 11. d4 Bg5 12. d5 cxd5 13. Nxd5 Nf6 14. Nxf6+ Bxf6 15. Be3 Qc7 16. Rc1 Rd8 17. Qd2 h6 18. h4 Qe7 19. Nc3 Nc7 20. Rfd1 Be6 21. Bf1 g5 22. h5 b6 23. Nd5 Nxd5 24. cxd5 Bg4 25. Be2 Bxe2 26. Qxe2 Rac8 27. Qa6 Qd7 28. Kg2 Ra8 29. Rc6 Qg4 30. f3 Qxh5 31. g4 Qg6 32. Rh1 Qg7 33. Rc7 Qf8 34. Rhc1 Qe8 35. Rxa7 Rxa7 36. Qxa7 Ra8 37. Qb7 Qa4 38. a3 Rd8 39. Qxb6 Kg7 40. Qb7 1-0

[Event "Winnipeg February Sect-A"]
[Site "Winnipeg CAN"]
[Date "2007.02.11"]
[Round "5"]
[White "Gentes, Kevin"]
[Black "Vincent, Trevor"]
[Result "1-0"]
[WhiteElo "2281"]
[BlackElo "2178"]
[PlyCount "63"]
[GameId "2160767910718429"]
[EventDate "2007.02.09"]
[EventType "tourn"]
[EventRounds "5"]
[EventCountry "CAN"]
[SourceTitle "EXT 2008"]
[Source "ChessBase"]
[SourceDate "2007.11.25"]
[SourceVersion "1"]
[SourceVersionDate "2007.11.25"]
[SourceQuality "1"]

1. d4 f5 2. c4 Nf6 3. Nc3 e6 4. Nf3 Bb4 5. Bg5 Bxc3+ 6. bxc3 d6 7. Qc2 O-O 8. e3 Nc6 9. Bd3 Qe8 10. O-O Qh5 11. Bf4 Re8 12. d5 e5 13. dxc6 exf4 14. exf4 Ne4 15. cxb7 Bxb7 16. Nd4 g6 17. Rfe1 a6 18. Re3 Nc5 19. Rae1 Rxe3 20. Rxe3 Qh4 21. g3 Qf6 22. Bf1 Qf7 23. Qe2 Kf8 24. Nb3 Re8 25. Nxc5 dxc5 26. Re5 Qd7 27. Bg2 Bxg2 28. Kxg2 Kf7 29. Qe3 Rxe5 30. fxe5 Qc6+ 31. Qf3 Qe6 32. Qd5 1-0

[Event "Winnipeg February Sect-A"]
[Site "Winnipeg CAN"]
[Date "2007.02.11"]
[Round "5"]
[White "Khedkar, Jay S"]
[Black "Babb, Jeff"]
[Result "1/2-1/2"]
[WhiteElo "1940"]
[BlackElo "2203"]
[PlyCount "44"]
[GameId "2160767910718430"]
[EventDate "2007.02.09"]
[EventType "tourn"]
[EventRounds "5"]
[EventCountry "CAN"]
[SourceTitle "EXT 2008"]
[Source "ChessBase"]
[SourceDate "2007.11.25"]
[SourceVersion "1"]
[SourceVersionDate "2007.11.25"]
[SourceQuality "1"]

1. d4 Nf6 2. c4 c5 3. Nf3 cxd4 4. Nxd4 Nc6 5. Nc3 e6 6. g3 Bb4 7. Ndb5 O-O 8. a3 Be7 9. Bg2 a6 10. Nd4 Qc7 11. Nxc6 bxc6 12. O-O d5 13. cxd5 cxd5 14. e4 dxe4 15. Nxe4 Bb7 16. Bf4 e5 17. Bxe5 Qxe5 18. Nxf6+ Bxf6 19. Bxb7 Ra7 20. Qf3 Qxb2 21. Rab1 Qc3 22. Qxc3 Bxc3 1/2-1/2

[Event "Winnipeg February Sect-A"]
[Site "Winnipeg CAN"]
[Date "2007.02.11"]
[Round "5"]
[White "Vlaovic, George"]
[Black "Cleto, Sam"]
[Result "1-0"]
[WhiteElo "2271"]
[BlackElo "1910"]
[PlyCount "46"]
[GameId "2160767910718431"]
[EventDate "2007.02.09"]
[EventType "tourn"]
[EventRounds "5"]
[EventCountry "CAN"]
[SourceTitle "EXT 2008"]
[Source "ChessBase"]
[SourceDate "2007.11.25"]
[SourceVersion "1"]
[SourceVersionDate "2007.11.25"]
[SourceQuality "1"]

1. e4 c5 2. Nf3 d6 3. d4 cxd4 4. Nxd4 Nf6 5. Nc3 a6 6. Bc4 e6 7. Bb3 Be7 8. Be3 Nbd7 9. Bxe6 fxe6 10. Nxe6 Qa5 11. Nxg7+ Kf7 12. Nf5 h5 13. Nxd6+ Bxd6 14. Qxd6 Ne5 15. b4 Ne8 16. Qd4 Qc7 17. Nd5 Qd6 18. f4 Ng6 19. f5 Bxf5 20. O-O Nh4 21. Qxh8 Ng7 22. Qxa8 Qe5 23. Bc5 Qxe4 1-0

[Event "Winnipeg February Sect-B"]
[Site "Winnipeg CAN"]
[Date "2007.02.09"]
[Round "1"]
[White "Adol, Deng"]
[Black "Wiebe, Daniel"]
[Result "0-1"]
[WhiteElo "1783"]
[BlackElo "1581"]
[PlyCount "66"]
[GameId "2160767910718432"]
[EventDate "2007.02.09"]
[EventType "swiss"]
[EventRounds "5"]
[EventCountry "CAN"]
[SourceTitle "EXT 2019"]
[Source "ChessBase"]
[SourceDate "2018.10.10"]
[SourceVersion "1"]
[SourceVersionDate "2018.10.10"]
[SourceQuality "1"]

1. e4 e5 2. h3 Nf6 3. d3 Bc5 4. a3 d6 5. Nf3 Nc6 6. Nc3 Be6 7. Bg5 h6 8. Bh4 Qd7 9. Na4 O-O-O 10. Nxc5 dxc5 11. Bg3 Qd6 12. Be2 Nh5 13. Bh2 Nf4 14. O-O h5 15. Ng5 Nd4 16. Bxf4 exf4 17. Bxh5 g6 18. Nxe6 Qxe6 19. Bg4 f5 20. exf5 gxf5 21. Bf3 Qg6 22. c3 Rxh3 23. cxd4 Rdh8 24. g3 fxg3 25. Qb3 c6 26. Rfe1 g2 27. Re8+ Rxe8 28. Bxg2 Rg8 29. Qxg8+ Qxg8 30. Re1 f4 31. Kf1 Rxd3 32. dxc5 a6 33. Be4 f3 0-1

[Event "Winnipeg February Sect-B"]
[Site "Winnipeg CAN"]
[Date "2007.02.09"]
[Round "1"]
[White "Gannon, Keith"]
[Black "Green, Aaron"]
[Result "1/2-1/2"]
[WhiteElo "1665"]
[BlackElo "1422"]
[PlyCount "146"]
[GameId "2160767910718433"]
[EventDate "2007.02.09"]
[EventType "swiss"]
[EventRounds "5"]
[EventCountry "CAN"]
[SourceTitle "EXT 2019"]
[Source "ChessBase"]
[SourceDate "2018.10.10"]
[SourceVersion "1"]
[SourceVersionDate "2018.10.10"]
[SourceQuality "1"]

1. e4 c5 2. Nf3 d6 3. d4 cxd4 4. Nxd4 Nf6 5. Nc3 a6 6. Be3 e5 7. Nf3 Be7 8. Be2 O-O 9. O-O Nbd7 10. Re1 b5 11. a3 Bb7 12. Bd3 Qc7 13. Qd2 Rac8 14. Rac1 h6 15. h3 Nb6 16. Bxb6 Qxb6 17. Qe3 Qxe3 18. Rxe3 Rc7 19. Rd1 Rfc8 20. Ree1 Nh5 21. Bf1 Nf4 22. g3 Ng6 23. h4 Nf8 24. Kg2 Nd7 25. Nd2 Nc5 26. f3 Ne6 27. Bd3 Nc5 28. Be2 Kf8 29. Nf1 g6 30. Ne3 Ne6 31. Rd2 Ng7 32. Ned5 Bxd5 33. Rxd5 Rc5 34. Red1 Ne8 35. R5d3 Nf6 36. g4 Nd7 37. Kg3 Nb6 38. R3d2 Kg7 39. Bd3 Kg8 40. Ne2 Na4 41. c3 Nb6 42. Nc1 Nc4 43. Bxc4 Rxc4 44. Rd5 R4c5 45. Rxc5 Rxc5 46. Nb3 Rc6 47. Na5 Rc7 48. Nb3 Kf8 49. Rc1 Ke8 50. Rh1 Rc4 51. Nd2 Rc7 52. Ra1 Kd7 53. a4 bxa4 54. Rxa4 Ra7 55. b4 Bd8 56. Ra3 Bb6 57. Nc4 Kc6 58. f4 Bc7 59. fxe5 dxe5 60. Kf3 f6 61. Ne3 g5 62. hxg5 hxg5 63. Ra2 Ra8 64. Nd5 Bd8 65. c4 a5 66. bxa5 Rxa5 67. Rxa5 Bxa5 68. Nxf6 Bd8 69. Nd5 Kc5 70. Ne3 Kd4 71. Nf5+ Kxc4 72. Nd6+ Kd3 73. Nf7 Bf6 1/2-1/2

[Event "Winnipeg February Sect-B"]
[Site "Winnipeg CAN"]
[Date "2007.02.09"]
[Round "1"]
[White "Goodman, Clifford"]
[Black "Green, Jim"]
[Result "0-1"]
[WhiteElo "1478"]
[BlackElo "1769"]
[PlyCount "55"]
[GameId "2160767910718434"]
[EventDate "2007.02.09"]
[EventType "swiss"]
[EventRounds "5"]
[EventCountry "CAN"]
[SourceTitle "EXT 2019"]
[Source "ChessBase"]
[SourceDate "2018.10.10"]
[SourceVersion "1"]
[SourceVersionDate "2018.10.10"]
[SourceQuality "1"]

1. e4 e5 2. Nf3 Nc6 3. d4 exd4 4. Nxd4 Nxd4 5. Qxd4 d6 6. Bc4 Nf6 7. O-O Be7 8. Bg5 O-O 9. f4 Nd7 10. Bxe7 Qxe7 11. Nc3 Nb6 12. Bb3 Bd7 13. Rae1 Bc6 14. e5 dxe5 15. fxe5 Rad8 16. Qf4 Nd5 17. Nxd5 Bxd5 18. c4 Qc5+ 19. Kh1 Be6 20. Re4 Rd7 21. Qh4 Rfd8 22. h3 Rd2 23. Qg5 h6 24. Qg3 R8d4 25. Rh4 Rxh4 26. Qxh4 Qxe5 27. Rf3 Kf8 28. Rf2 0-1

[Event "Winnipeg February Sect-B"]
[Site "Winnipeg CAN"]
[Date "2007.02.10"]
[Round "2"]
[White "Reimer, Bruce"]
[Black "Goodman, Clifford"]
[Result "1/2-1/2"]
[WhiteElo "1593"]
[BlackElo "1478"]
[PlyCount "66"]
[GameId "2160767910718437"]
[EventDate "2007.02.09"]
[EventType "swiss"]
[EventRounds "5"]
[EventCountry "CAN"]
[SourceTitle "EXT 2019"]
[Source "ChessBase"]
[SourceDate "2018.10.10"]
[SourceVersion "1"]
[SourceVersionDate "2018.10.10"]
[SourceQuality "1"]

1. e4 c6 2. d4 d5 3. exd5 cxd5 4. c4 Nf6 5. Nc3 e6 6. Nf3 Bb4 7. Bd2 Nc6 8. a3 Bxc3 9. Bxc3 Ne4 10. Qc2 Nxc3 11. Qxc3 O-O 12. Bd3 dxc4 13. Bxc4 Bd7 14. O-O Na5 15. Ba2 Rc8 16. Qd2 Nc4 17. Bxc4 Rxc4 18. Ne5 Rc7 19. Qe3 Qf6 20. Rac1 Bc6 21. Nxc6 bxc6 22. Qe5 Qxe5 23. dxe5 Rfc8 24. Rfd1 c5 25. Rc4 h6 26. Rdc1 Rd7 27. b4 Rcd8 28. Kf1 cxb4 29. axb4 Rd2 30. Rc8 Kf8 31. Rxd8+ Rxd8 32. Rc7 Rb8 33. Rxa7 Rxb4 1/2-1/2

[Event "Winnipeg February Sect-B"]
[Site "Winnipeg CAN"]
[Date "2007.02.10"]
[Round "2"]
[White "Wasserman, Arie"]
[Black "Gannon, Keith"]
[Result "1-0"]
[WhiteElo "1593"]
[BlackElo "1665"]
[PlyCount "125"]
[GameId "2160767910718438"]
[EventDate "2007.02.09"]
[EventType "swiss"]
[EventRounds "5"]
[EventCountry "CAN"]
[SourceTitle "EXT 2019"]
[Source "ChessBase"]
[SourceDate "2018.10.10"]
[SourceVersion "1"]
[SourceVersionDate "2018.10.10"]
[SourceQuality "1"]

1. e4 c5 2. Bc4 e6 3. Nc3 d6 4. d3 Nf6 5. Bg5 Be7 6. Nf3 a6 7. a4 Nc6 8. Bf4 O-O 9. O-O Re8 10. e5 dxe5 11. Nxe5 Nxe5 12. Bxe5 Bd6 13. Bxf6 Qxf6 14. Ne4 Qe7 15. Qg4 f5 16. Qxf5 b6 17. Nxd6 Qxd6 18. Qf3 Ra7 19. Rfe1 Rf7 20. Qg4 Rf6 21. Re3 Rg6 22. Qh5 Re7 23. Rh3 Rh6 24. Qg4 Rxh3 25. Qxh3 Rf7 26. Re1 Rf6 27. Re3 Rh6 28. Qg3 Qxg3 29. Rxg3 Rf6 30. Re3 Kf7 31. g3 Ke7 32. f4 g6 33. Re5 Kd6 34. Kf2 h6 35. Ke3 Bd7 36. Bxa6 Bxa4 37. b3 Bd7 38. d4 cxd4+ 39. Kxd4 Rf5 40. Bd3 Rf6 41. c4 Be8 42. b4 h5 43. c5+ bxc5+ 44. bxc5+ Kc7 45. Re1 Rf8 46. Rxe6 Rg8 47. Bc4 Rf8 48. Ke5 Rf5+ 49. Kd4 Rf8 50. Kc3 Rh8 51. Kb4 Rf8 52. Re7+ Kd8 53. Rg7 Rf6 54. Bb5 Bxb5 55. Kxb5 Kc8 56. c6 Rf5+ 57. Kb6 Rf8 58. Rxg6 Kb8 59. Rh6 h4 60. Rxh4 Kc8 61. Rh7 Kb8 62. h4 Ka8 63. Ra7+ 1-0

[Event "Winnipeg February Sect-B"]
[Site "Winnipeg CAN"]
[Date "2007.02.10"]
[Round "2"]
[White "Wasserman, Leor"]
[Black "Adol, Deng"]
[Result "0-1"]
[WhiteElo "1537"]
[BlackElo "1783"]
[PlyCount "98"]
[GameId "2160767910718439"]
[EventDate "2007.02.09"]
[EventType "swiss"]
[EventRounds "5"]
[EventCountry "CAN"]
[SourceTitle "EXT 2019"]
[Source "ChessBase"]
[SourceDate "2018.10.10"]
[SourceVersion "1"]
[SourceVersionDate "2018.10.10"]
[SourceQuality "1"]

1. e4 e5 2. Nf3 d6 3. Bc4 Bg4 4. h3 Bh5 5. Nc3 Nf6 6. d3 h6 7. O-O a6 8. Be3 Nc6 9. g4 Bg6 10. Re1 Qd7 11. d4 Nxg4 12. hxg4 Qxg4+ 13. Kf1 Bh5 14. Be2 Qh3+ 15. Kg1 O-O-O 16. d5 Ne7 17. Nh2 Bxe2 18. Qxe2 h5 19. f4 f5 20. Qg2 Qh4 21. fxe5 f4 22. Bf2 Qxf2+ 23. Qxf2 dxe5 24. Nf3 Ng6 25. Nh4 Nxh4 26. Qxh4 Bd6 27. Re2 g5 28. Qe1 Rdg8 29. Rh2 h4 30. Kf1 h3 31. Ke2 g4 32. Qh1 Kb8 33. Rg1 Bc5 34. Rxg4 Rxg4 35. Rxh3 Rhg8 36. Rh8 Ka7 37. Rxg8 Rxg8 38. a3 b5 39. b4 Bd4 40. Na2 Rg1 41. Qh6 Ra1 42. Qc6 Kb8 43. Qxa6 Rxa2 44. Qxb5+ Ka7 45. Qa4+ Kb7 46. Kd3 f3 47. Qc6+ Kb8 48. d6 Rxa3+ 49. Kd2 Be3+ 0-1

[Event "Winnipeg February Sect-B"]
[Site "Winnipeg CAN"]
[Date "2007.02.10"]
[Round "2"]
[White "Wiebe, Daniel"]
[Black "Rumpel, Chris"]
[Result "1-0"]
[WhiteElo "1581"]
[BlackElo "1781"]
[PlyCount "75"]
[GameId "2160767910718440"]
[EventDate "2007.02.09"]
[EventType "swiss"]
[EventRounds "5"]
[EventCountry "CAN"]
[SourceTitle "EXT 2019"]
[Source "ChessBase"]
[SourceDate "2018.10.10"]
[SourceVersion "1"]
[SourceVersionDate "2018.10.10"]
[SourceQuality "1"]

1. e4 e6 2. d3 d5 3. Nd2 c5 4. g3 Bd6 5. Bg2 Nf6 6. Ngf3 Nc6 7. O-O O-O 8. Re1 Qc7 9. Nf1 d4 10. Bg5 Nd7 11. Bh3 f6 12. Bxe6+ Kh8 13. Bc1 Nde5 14. Bxc8 Qxc8 15. Nh4 Qh3 16. Qh5 Kg8 17. Qe2 g5 18. Nf5 Bc7 19. f3 g4 20. Nh6+ Kh8 21. fxg4 Nf7 22. Qg2 Qxg2+ 23. Kxg2 Nxh6 24. Bxh6 Rg8 25. h3 Rg6 26. Bf4 Bxf4 27. gxf4 h5 28. Kf3 Rag8 29. Nh2 hxg4+ 30. hxg4 Rh6 31. Re2 Kg7 32. Rg2 Rgh8 33. Nf1 Rh1 34. a3 b5 35. Rb1 c4 36. Nd2 c3 37. Rxh1 cxd2 38. Rd1 1-0

[Event "Winnipeg February Sect-B"]
[Site "Winnipeg CAN"]
[Date "2007.02.10"]
[Round "3"]
[White "Adol, Deng"]
[Black "Wasserman, Arie"]
[Result "1-0"]
[WhiteElo "1783"]
[BlackElo "1593"]
[PlyCount "71"]
[GameId "2160767910718441"]
[EventDate "2007.02.09"]
[EventType "swiss"]
[EventRounds "5"]
[EventCountry "CAN"]
[SourceTitle "EXT 2019"]
[Source "ChessBase"]
[SourceDate "2018.10.10"]
[SourceVersion "1"]
[SourceVersionDate "2018.10.10"]
[SourceQuality "1"]

1. e4 e5 2. Bc4 Nf6 3. d3 Bc5 4. h3 Nc6 5. a3 a6 6. Nf3 h6 7. Nc3 d6 8. O-O O-O 9. Kh1 Ne7 10. Nh2 c6 11. f4 Bd4 12. Ne2 d5 13. Nxd4 dxc4 14. fxe5 Nh7 15. dxc4 Ng6 16. Nhf3 c5 17. Nf5 Qc7 18. Qd6 Qxd6 19. exd6 Nf6 20. e5 Nd7 21. Re1 Re8 22. N3h4 Nxh4 23. Nxh4 Nxe5 24. Bf4 f6 25. Nf3 Bf5 26. Bxe5 fxe5 27. Rxe5 Bxc2 28. Rxc5 Be4 29. d7 Red8 30. Ne5 Bc6 31. Rd1 a5 32. Rxc6 bxc6 33. Nxc6 Kf7 34. Nxd8+ Rxd8 35. c5 Ke7 36. c6 1-0

[Event "Winnipeg February Sect-B"]
[Site "Winnipeg CAN"]
[Date "2007.02.10"]
[Round "3"]
[White "Gannon, Keith"]
[Black "Goodman, Clifford"]
[Result "1/2-1/2"]
[WhiteElo "1665"]
[BlackElo "1478"]
[PlyCount "120"]
[GameId "2160767910718442"]
[EventDate "2007.02.09"]
[EventType "swiss"]
[EventRounds "5"]
[EventCountry "CAN"]
[SourceTitle "EXT 2019"]
[Source "ChessBase"]
[SourceDate "2018.10.10"]
[SourceVersion "1"]
[SourceVersionDate "2018.10.10"]
[SourceQuality "1"]

1. d4 Nf6 2. c4 e6 3. Nc3 Bb4 4. Bd2 Bxc3 5. Bxc3 Ne4 6. Nf3 Nxc3 7. bxc3 c5 8. Qd2 cxd4 9. cxd4 d5 10. e3 b6 11. Rc1 dxc4 12. Bxc4 Bb7 13. Bb5+ Nd7 14. Be2 O-O 15. O-O Nf6 16. Rfd1 Ne4 17. Qb2 Ng5 18. Nxg5 Qxg5 19. Bf1 Rac8 20. Rxc8 Rxc8 21. Rc1 Rxc1 22. Qxc1 Qd5 23. Qc7 g6 24. Qb8+ Kg7 25. Qxa7 Qc6 26. Qa3 Qc2 27. Qb3 Qc1 28. Qxb6 Bd5 29. Qa6 Qb2 30. a4 Bb7 31. Qb5 Qxb5 32. Bxb5 Kf6 33. a5 Ke7 34. a6 Ba8 35. f3 Kd6 36. Kf2 Kc7 37. Be2 Kb6 38. h4 Bc6 39. e4 Bd7 40. Ke3 Bc8 41. e5 Bxa6 42. Bxa6 Kxa6 43. Ke4 Kb6 44. d5 exd5+ 45. Kxd5 Kc7 46. f4 Kd7 47. g3 h5 48. Kc5 Ke6 49. Kc6 f6 50. exf6 Kxf6 51. Kd5 Kf5 52. Kd4 Kg4 53. Ke4 Kxg3 54. Ke5 Kxh4 55. Kf6 Kg4 56. Kxg6 h4 57. f5 h3 58. f6 h2 59. f7 h1=Q 60. f8=Q Qc6+ 1/2-1/2

[Event "Winnipeg February Sect-B"]
[Site "Winnipeg CAN"]
[Date "2007.02.10"]
[Round "3"]
[White "Green, Aaron"]
[Black "Gibbons, Lorne"]
[Result "1-0"]
[WhiteElo "1422"]
[BlackElo "1331"]
[PlyCount "61"]
[GameId "2160767910718443"]
[EventDate "2007.02.09"]
[EventType "swiss"]
[EventRounds "5"]
[EventCountry "CAN"]
[SourceTitle "EXT 2019"]
[Source "ChessBase"]
[SourceDate "2018.10.10"]
[SourceVersion "1"]
[SourceVersionDate "2018.10.10"]
[SourceQuality "1"]

1. e4 d6 2. d4 b6 3. Nc3 Bb7 4. f3 Nd7 5. Bc4 e6 6. Nge2 Ne7 7. Be3 c6 8. Bb3 Qc7 9. Qd2 O-O-O 10. O-O d5 11. e5 f6 12. f4 f5 13. Rfc1 a6 14. Nd1 Kb8 15. Nf2 h6 16. c4 dxc4 17. Bxc4 Nd5 18. Nc3 c5 19. Nxd5 Qc8 20. Bxa6 exd5 21. Bxb7 Qxb7 22. dxc5 Bxc5 23. Nd3 Rc8 24. Bxc5 Nxc5 25. Nxc5 Rxc5 26. Rxc5 bxc5 27. Rc1 Rc8 28. Rc3 d4 29. Rb3 Qxb3 30. axb3 Rc6 31. Qa5 1-0

[Event "Winnipeg February Sect-B"]
[Site "Winnipeg CAN"]
[Date "2007.02.10"]
[Round "3"]
[White "Rumpel, Chris"]
[Black "Reimer, Bruce"]
[Result "1/2-1/2"]
[WhiteElo "1781"]
[BlackElo "1593"]
[PlyCount "61"]
[GameId "2160767910718445"]
[EventDate "2007.02.09"]
[EventType "swiss"]
[EventRounds "5"]
[EventCountry "CAN"]
[SourceTitle "EXT 2019"]
[Source "ChessBase"]
[SourceDate "2018.10.10"]
[SourceVersion "1"]
[SourceVersionDate "2018.10.10"]
[SourceQuality "1"]

1. d4 Nf6 2. c4 e5 3. dxe5 Ng4 4. Bf4 Nc6 5. Nf3 Bb4+ 6. Nbd2 Qe7 7. a3 Bxd2+ 8. Qxd2 Ngxe5 9. Nxe5 Nxe5 10. e3 d6 11. Rd1 Bg4 12. Be2 Bxe2 13. Qxe2 O-O 14. O-O Qe6 15. b3 a5 16. a4 Ng6 17. Bg3 f5 18. Qd3 b6 19. Rfe1 Ne7 20. f3 Nc6 21. e4 Rad8 22. Qd5 Qxd5 23. exd5 Nb4 24. Re7 Na6 25. Rde1 h6 26. Bh4 g5 27. R1e6 gxh4 28. Rg6+ Kh8 29. Rxh6+ Kg8 30. Rg6+ Kh8 31. Rgg7 1/2-1/2

[Event "Winnipeg February Sect-B"]
[Site "Winnipeg CAN"]
[Date "2007.02.10"]
[Round "3"]
[White "Wiebe, Daniel"]
[Black "Green, Jim"]
[Result "0-1"]
[WhiteElo "1581"]
[BlackElo "1769"]
[PlyCount "72"]
[GameId "2160767910718446"]
[EventDate "2007.02.09"]
[EventType "swiss"]
[EventRounds "5"]
[EventCountry "CAN"]
[SourceTitle "EXT 2019"]
[Source "ChessBase"]
[SourceDate "2018.10.10"]
[SourceVersion "1"]
[SourceVersionDate "2018.10.10"]
[SourceQuality "1"]

1. e4 e5 2. Nf3 Nc6 3. Bc4 Nf6 4. Nc3 Be7 5. d3 d6 6. a3 O-O 7. Bg5 Bg4 8. h3 Bd7 9. h4 a6 10. Qd2 b5 11. Ba2 Rb8 12. Nd5 Nxd5 13. Bxd5 Na7 14. Qe2 c6 15. Bxe7 Qxe7 16. Bb3 Nc8 17. Ng5 h6 18. Qh5 Qf6 19. g3 Ne7 20. Nxf7 Rxf7 21. Bxf7+ Qxf7 22. Qxf7+ Kxf7 23. Kd2 h5 24. Raf1 Ng8 25. f4 Ke7 26. f5 Nf6 27. c3 c5 28. Rd1 Bc6 29. Ke3 c4 30. d4 Bxe4 31. Rhf1 Bd3 32. Rf2 Ng4+ 33. Kf3 e4+ 34. Kg2 Ne3+ 35. Kh3 Nxd1 36. Rg2 Bf1 0-1

[Event "Winnipeg February Sect-B"]
[Site "Winnipeg CAN"]
[Date "2007.02.11"]
[Round "4"]
[White "Gibbons, Lorne"]
[Black "Gannon, Keith"]
[Result "0-1"]
[WhiteElo "1331"]
[BlackElo "1665"]
[PlyCount "52"]
[GameId "2160767910718447"]
[EventDate "2007.02.09"]
[EventType "swiss"]
[EventRounds "5"]
[EventCountry "CAN"]
[SourceTitle "EXT 2019"]
[Source "ChessBase"]
[SourceDate "2018.10.10"]
[SourceVersion "1"]
[SourceVersionDate "2018.10.10"]
[SourceQuality "1"]

1. d4 d5 2. c4 e6 3. a3 b6 4. Nc3 Bb7 5. Bf4 a6 6. e3 dxc4 7. Bxc4 Bxg2 8. d5 Bxh1 9. dxe6 Qxd1+ 10. Rxd1 f6 11. Bxc7 Be7 12. f3 Nh6 13. Kf2 O-O 14. Bd8 Nc6 15. Bxb6 Rab8 16. Nd5 g6 17. Bxa6 Kg7 18. b4 Bd8 19. Bxd8 Rfxd8 20. b5 Ne7 21. e4 Kf8 22. a4 f5 23. Ke3 fxe4 24. fxe4 Ng4+ 25. Kd4 Bxe4 26. Rf1+ Bf5 0-1